Důsledky mobility zaměstnanců

Identifikovanie nákladov a dôsledkov dynamickej nezamestnanosti a mobility zamestnancov. Pojem mobilita zamestnancov. Príčiny a formy nezamestnanosti.

Guardado en:
Detalles Bibliográficos
Autor principal: Vnoučková, Lucie
Otros Autores: Čejka, Robin
Formato: Capítulo de libro
Lenguaje:checo
Materias:
Etiquetas: Agregar Etiqueta
Sin Etiquetas, Sea el primero en etiquetar este registro!

MARC

LEADER 00000naa a2200000 4500
001 0198846
005 20231204135138.1
041 0 |a cze 
044 |a CZ 
245 1 0 |a Důsledky mobility zaměstnanců  |c Lucie Vnoučková, Robin Čejka 
520 |a Identifikovanie nákladov a dôsledkov dynamickej nezamestnanosti a mobility zamestnancov. Pojem mobilita zamestnancov. Príčiny a formy nezamestnanosti. 
610 2 0 |a zamestnanci 
610 2 0 |a pohyb síl pracovných 
610 2 0 |a nezamestnanosť 
610 2 0 |a náklady 
610 2 0 |a trh práce 
100 1 |a Vnoučková, Lucie 
700 1 |a Čejka, Robin